[Event "European Online Club-ch-F 2021"]
[Site "Online"]
[Date "2021.03.27"]
[Round "3.17"]
[White "Hellers, Ferdinand"]
[Black "Sochacki, Christophe"]
[Result "1-0"]
[WhiteElo "2592"]
[BlackElo "2477"]
[Annotator "ChessBase"]
[PlyCount "65"]
[EventDate "2021.03.27"]
[EventType "team-tourn"]
[EventCountry "NET"]
[SourceTitle "playchess.com"]
[Source "ChessBase"]
[SourceQuality "1"]
[TimeControl "900+5"]

1. e4 {[%emt 0:00:00]} Nc6 {[%emt 0:00:24]} 2. Nf3 {[%emt 0:00:05]} d5 {[%emt 0:00:01]} 3. exd5 {[%emt 0:00:07]} Qxd5 {[%emt 0:00:01]} 4. Nc3 {[%emt 0:00:03]} Qd6 {[%emt 0:00:03]} 5. d4 {[%emt 0:00:12]} Nf6 {[%emt 0:00:02]} 6. Nb5 {[%emt 0:00:48]} Qd8 {[%emt 0:00:02]} 7. c4 {[%emt 0:00:03]} e6 {[%emt 0:00:35]} 8. a3 {[%emt 0:00:10]} a6 {[%emt 0:00:31]} 9. Nc3 {[%emt 0:00:03]} Be7 {[%emt 0:00:20]} 10. g3 {[%emt 0:00:35]} e5 {[%emt 0:01:28]} 11. d5 {[%emt 0:00:39]} Bg4 {[%emt 0:00:04]} 12. Be2 {[%emt 0:00:17]} Bxf3 {[%emt 0:04:11]} 13. Bxf3 {[%emt 0:00:02]} Nd4 {[%emt 0:00:01]} 14. Bg2 {[%emt 0:00:06]} O-O {[%emt 0:00:13]} 15. O-O {[%emt 0:00:02]} c5 {[%emt 0:00:04]} 16. dxc6 {[%emt 0:00:33]} bxc6 {[%emt 0:00:02]} 17. Ne2 {[%emt 0:00:29]} Qb6 {[%emt 0:00:39]} 18. Nxd4 {[%emt 0:00:10]} exd4 {[%emt 0:00:01]} 19. b4 {[%emt 0:00:08]} Rad8 {[%emt 0:01:26]} 20. Re1 {[%emt 0:00:25]} Rfe8 {[%emt 0:00:08]} 21. c5 {[%emt 0:00:15]} Qb5 {[%emt 0:00:06]} 22. a4 {[%emt 0:00:39]} Qb7 {[%emt 0:01:10]} 23. Rb1 {[%emt 0:00:14]} Bxc5 {[%emt 0:00:31]} 24. Rxe8+ {[%emt 0:00:15]} Rxe8 {[%emt 0:00:02]} 25. Bg5 {[%emt 0:00:28]} Be7 {[%emt 0:02:46]} 26. Qxd4 {[%emt 0:00:15]} Nd5 {[%emt 0:00:32]} 27. Bxe7 {[%emt 0:00:08]} Rxe7 {[%emt 0:00:01]} 28. b5 {[%emt 0:00:31]} axb5 {[%emt 0:00:31]} 29. axb5 {[%emt 0:00:02]} Rd7 {[%emt 0:00:38]} 30. Qc5 {[%emt 0:00:57]} g6 {[%emt 0:00:48]} 31. Qxc6 {[%emt 0:00:31]} Qxc6 {[%emt 0:00:09]} 32. bxc6 {[%emt 0:00:03]} Rd6 {[%emt 0:00:05]} 33. Bxd5 {[%emt 0:00:03]} 1-0

[Event "European Online Club-ch-F 2021"]
[Site "Online"]
[Date "2021.03.27"]
[Round "3.18"]
[White "Sochacki, Wojtek"]
[Black "Rogule, Laura"]
[Result "1-0"]
[WhiteElo "2320"]
[BlackElo "2286"]
[Annotator "NA"]
[PlyCount "71"]
[EventDate "2021.03.27"]
[EventType "team-tourn"]
[EventCountry "NET"]
[SourceTitle "playchess.com"]
[Source "ChessBase"]
[SourceQuality "1"]
[TimeControl "900+5"]

1. e4 {[%emt 0:00:00]} c5 {[%emt 0:00:03]} 2. Nf3 {[%emt 0:00:02]} Nc6 {[%emt 0:00:03]} 3. b4 {[%emt 0:00:01]} cxb4 {[%emt 0:02:02]} 4. d4 {[%emt 0:00:03]} d5 {[%emt 0:00:20]} 5. exd5 {[%emt 0:00:02]} Qxd5 {[%emt 0:00:38]} 6. c4 {[%emt 0:00:01]} bxc3 {[%emt 0:06:06]} 7. Nxc3 {[%emt 0:00:03]} Qa5 {[%emt 0:00:11]} 8. d5 {[%emt 0:00:02]} Qxc3+ {[%emt 0:00:43]} 9. Bd2 {[%emt 0:00:04]} Qa3 {[%emt 0:01:14]} 10. dxc6 {[%emt 0:00:02]} bxc6 {[%emt 0:00:10]} 11. Rc1 {[%emt 0:01:23]} e6 {[%emt 0:01:04]} 12. Rc3 {[%emt 0:03:12]} Qd6 {[%emt 0:00:45]} 13. Rd3 {[%emt 0:00:07]} Qc7 {[%emt 0:00:04]} 14. Qa4 {[%emt 0:00:18]} Bd7 {[%emt 0:00:31]} 15. Ba5 {[%emt 0:01:41]} Qb8 {[%emt 0:00:07]} 16. Rb3 {[%emt 0:00:47]} Qc8 {[%emt 0:00:08]} 17. Bc3 {[%emt 0:01:20]} Nf6 {[%emt 0:00:53]} 18. Ba6 {[%emt 0:00:10]} Qc7 {[%emt 0:00:09]} 19. O-O {[%emt 0:00:11]} c5 {[%emt 0:00:48]} 20. Bb5 {[%emt 0:00:45]} Bd6 {[%emt 0:00:20]} 21. Ba5 {[%emt 0:00:36]} Bxb5 {[%emt 0:00:08]} 22. Qxb5+ {[%emt 0:00:09]} Qd7 {[%emt 0:00:02]} 23. Qa6 {[%emt 0:00:58]} O-O {[%emt 0:00:05]} 24. Rb7 {[%emt 0:00:03]} Qc8 {[%emt 0:00:05]} 25. Rfb1 {[%emt 0:00:08]} Bf4 {[%emt 0:00:03]} 26. g3 {[%emt 0:00:11]} Bh6 {[%emt 0:00:08]} 27. Ne5 {[%emt 0:00:02]} Nd5 {[%emt 0:00:09]} 28. Nc4 {[%emt 0:02:16]} Nb6 {[%emt 0:00:11]} 29. Bxb6 {[%emt 0:00:12]} axb6 {[%emt 0:00:01]} 30. Qxb6 {[%emt 0:00:01]} Rxa2 {[%emt 0:00:03]} 31. Nd6 {[%emt 0:00:06]} Qd8 {[%emt 0:00:11]} 32. Qxc5 {[%emt 0:00:40]} Qf6 {[%emt 0:00:04]} 33. Ne4 {[%emt 0:00:08]} Qf5 {[%emt 0:00:03]} 34. Qxf8+ {[%emt 0:00:05]} Kxf8 {[%emt 0:00:02]} 35. Rb8+ {[%emt 0:00:01]} Ke7 {[%emt 0:00:01]} 36. R1b7# {[%emt 0:00:01]} 1-0

[Event "European Online Club-ch-F 2021"]
[Site "Online"]
[Date "2021.03.27"]
[Round "3.19"]
[White "Reizniece-Ozola, Dana"]
[Black "Eden, James"]
[Result "1-0"]
[WhiteElo "2279"]
[BlackElo "2294"]
[Annotator "NA"]
[PlyCount "131"]
[EventDate "2021.03.27"]
[EventType "team-tourn"]
[EventCountry "NET"]
[SourceTitle "playchess.com"]
[Source "ChessBase"]
[SourceQuality "1"]
[TimeControl "900+5"]

1. c4 {[%emt 0:00:00]} Nf6 {[%emt 0:00:09]} 2. Nf3 {[%emt 0:00:17]} g6 {[%emt 0:00:03]} 3. g3 {[%emt 0:00:05]} Bg7 {[%emt 0:00:02]} 4. Bg2 {[%emt 0:00:01]} O-O {[%emt 0:00:02]} 5. O-O {[%emt 0:00:02]} d6 {[%emt 0:00:06]} 6. Nc3 {[%emt 0:00:02]} e5 {[%emt 0:00:09]} 7. d4 {[%emt 0:00:49]} exd4 {[%emt 0:00:47]} 8. Nxd4 {[%emt 0:00:02]} Nbd7 {[%emt 0:00:02]} 9. e4 {[%emt 0:00:42]} Re8 {[%emt 0:00:07]} 10. Re1 {[%emt 0:00:09]} Nc5 {[%emt 0:00:53]} 11. h3 {[%emt 0:00:12]} a5 {[%emt 0:00:13]} 12. Ndb5 {[%emt 0:01:30]} Bd7 {[%emt 0:00:33]} 13. Rb1 {[%emt 0:01:48]} Bc6 {[%emt 0:00:22]} 14. Bg5 {[%emt 0:01:56]} h6 {[%emt 0:00:58]} 15. Bxf6 {[%emt 0:00:57]} Bxf6 {[%emt 0:00:03]} 16. Nd5 {[%emt 0:00:12]} Bxb5 {[%emt 0:00:15]} 17. Nxf6+ {[%emt 0:00:30]} Qxf6 {[%emt 0:00:04]} 18. cxb5 {[%emt 0:00:03]} a4 {[%emt 0:00:34]} 19. Qd2 {[%emt 0:02:13]} Kg7 {[%emt 0:00:32]} 20. b4 {[%emt 0:00:07]} axb3 {[%emt 0:00:10]} 21. axb3 {[%emt 0:00:02]} Ra3 {[%emt 0:00:57]} 22. b4 {[%emt 0:01:18]} Ne6 {[%emt 0:00:14]} 23. b6 {[%emt 0:00:40]} cxb6 {[%emt 0:00:15]} 24. Qxd6 {[%emt 0:00:27]} b5 {[%emt 0:01:24]} 25. e5 {[%emt 0:00:16]} Qf5 {[%emt 0:00:11]} 26. Rb2 {[%emt 0:00:13]} Ng5 {[%emt 0:00:42]} 27. Qf6+ {[%emt 0:00:14]} Qxf6 {[%emt 0:00:24]} 28. exf6+ {[%emt 0:00:02]} Kf8 {[%emt 0:00:03]} 29. Rxe8+ {[%emt 0:00:02]} Kxe8 {[%emt 0:00:02]} 30. Bxb7 {[%emt 0:00:04]} Kd7 {[%emt 0:00:13]} 31. h4 {[%emt 0:00:56]} Nf3+ {[%emt 0:00:31]} 32. Kg2 {[%emt 0:00:21]} Ne1+ {[%emt 0:00:24]} 33. Kf1 {[%emt 0:00:02]} Nd3 {[%emt 0:00:03]} 34. Rd2 {[%emt 0:00:03]} Ke6 {[%emt 0:00:14]} 35. Bc6 {[%emt 0:00:08]} Nxb4 {[%emt 0:00:30]} 36. Bxb5 {[%emt 0:00:03]} Kxf6 {[%emt 0:00:21]} 37. Rd7 {[%emt 0:00:37]} Rc3 {[%emt 0:00:11]} 38. Rb7 {[%emt 0:00:11]} Nd5 {[%emt 0:00:07]} 39. Be8 {[%emt 0:00:19]} Rc7 {[%emt 0:00:13]} 40. Rb5 {[%emt 0:00:04]} Nc3 {[%emt 0:00:16]} 41. Rb6+ {[%emt 0:00:05]} Ke7 {[%emt 0:00:02]} 42. Bb5 {[%emt 0:00:04]} Ne4 {[%emt 0:00:05]} 43. Bd3 {[%emt 0:00:05]} Nd6 {[%emt 0:00:08]} 44. Kg2 {[%emt 0:00:10]} Rc3 {[%emt 0:00:05]} 45. Bb1 {[%emt 0:00:04]} Rc1 {[%emt 0:00:04]} 46. Bd3 {[%emt 0:00:05]} Rd1 {[%emt 0:00:02]} 47. Be2 {[%emt 0:00:05]} Rd2 {[%emt 0:00:03]} 48. Bf3 {[%emt 0:00:03]} h5 {[%emt 0:00:13]} 49. Ra6 {[%emt 0:00:06]} Nf5 {[%emt 0:00:03]} 50. Be4 {[%emt 0:00:14]} Ne3+ {[%emt 0:00:06]} 51. Kg1 {[%emt 0:00:13]} Rd1+ {[%emt 0:00:15]} 52. Kh2 {[%emt 0:00:02]} Ng4+ {[%emt 0:00:01]} 53. Kg2 {[%emt 0:00:03]} Rd2 {[%emt 0:00:02]} 54. Ra7+ {[%emt 0:00:10]} Kf6 {[%emt 0:00:04]} 55. Kg1 {[%emt 0:00:14]} Rxf2 {[%emt 0:00:13]} 56. Bd5 {[%emt 0:00:06]} Kg7 {[%emt 0:00:08]} 57. Be6 {[%emt 0:00:04]} Rf3 {[%emt 0:00:23]} 58. Kg2 {[%emt 0:00:02]} Ne5 {[%emt 0:00:15]} 59. Ra5 {[%emt 0:00:05]} Re3 {[%emt 0:00:25]} 60. Ra7 {[%emt 0:00:06]} Kf6 {[%emt 0:00:10]} 61. Bd5 {[%emt 0:00:03]} Rd3 {[%emt 0:00:08]} 62. Ba2 {[%emt 0:00:03]} Rd2+ {[%emt 0:00:03]} 63. Kf1 {[%emt 0:00:02]} Rb2 {[%emt 0:00:56]} 64. Kg1 {[%emt 0:00:05]} Kf5 {[%emt 0:00:21]} 65. Ra4 {[%emt 0:00:09]} f6 {[%emt 0:00:19]} 66. Rf4# {[%emt 0:00:04]} 1-0

[Event "European Online Club-ch-F 2021"]
[Site "Online"]
[Date "2021.03.27"]
[Round "3.20"]
[White "Maatoug, Redwan"]
[Black "Cramling, Dan"]
[Result "1-0"]
[WhiteElo "2202"]
[BlackElo "2292"]
[Annotator "NA"]
[PlyCount "89"]
[EventDate "2021.03.27"]
[EventType "team-tourn"]
[EventCountry "NET"]
[SourceTitle "playchess.com"]
[Source "ChessBase"]
[SourceQuality "1"]
[TimeControl "900+5"]

1. e4 {[%emt 0:00:00]} Nf6 {[%emt 0:00:04]} 2. Nc3 {[%emt 0:00:17]} d5 {[%emt 0:00:08]} 3. e5 {[%emt 0:00:02]} Nfd7 {[%emt 0:00:03]} 4. f4 {[%emt 0:00:11]} c5 {[%emt 0:00:07]} 5. Nf3 {[%emt 0:00:20]} d4 {[%emt 0:02:04]} 6. Ne4 {[%emt 0:00:05]} e6 {[%emt 0:00:01]} 7. Bd3 {[%emt 0:02:12]} Nc6 {[%emt 0:00:42]} 8. c3 {[%emt 0:00:17]} Nb6 {[%emt 0:02:12]} 9. b3 {[%emt 0:01:52]} Nd5 {[%emt 0:01:54]} 10. g3 {[%emt 0:00:04]} a6 {[%emt 0:00:11]} 11. O-O {[%emt 0:00:31]} b5 {[%emt 0:00:17]} 12. Nfg5 {[%emt 0:00:56]} h6 {[%emt 0:04:53]} 13. Nxf7 {[%emt 0:01:58]} Kxf7 {[%emt 0:00:13]} 14. Qh5+ {[%emt 0:00:02]} Kg8 {[%emt 0:00:09]} 15. c4 {[%emt 0:00:25]} Ndb4 {[%emt 0:00:40]} 16. Qg6 {[%emt 0:00:39]} Be7 {[%emt 0:00:04]} 17. Be2 {[%emt 0:00:15]} Bd7 {[%emt 0:00:45]} 18. Bh5 {[%emt 0:00:23]} Qf8 {[%emt 0:00:28]} 19. a3 {[%emt 0:00:34]} Nc2 {[%emt 0:00:18]} 20. Nf6+ {[%emt 0:00:15]} Bxf6 {[%emt 0:00:04]} 21. exf6 {[%emt 0:00:01]} Qxf6 {[%emt 0:00:08]} 22. Qxc2 {[%emt 0:00:02]} Be8 {[%emt 0:00:27]} 23. Bxe8 {[%emt 0:00:43]} Rxe8 {[%emt 0:00:05]} 24. cxb5 {[%emt 0:00:01]} d3 {[%emt 0:00:03]} 25. Qxc5 {[%emt 0:00:02]} Qxa1 {[%emt 0:00:04]} 26. Qxc6 {[%emt 0:00:08]} Qd4+ {[%emt 0:00:04]} 27. Kg2 {[%emt 0:00:04]} Qd5+ {[%emt 0:00:03]} 28. Qxd5 {[%emt 0:00:04]} exd5 {[%emt 0:00:01]} 29. bxa6 {[%emt 0:00:18]} Kf7 {[%emt 0:00:14]} 30. b4 {[%emt 0:00:21]} Rb8 {[%emt 0:00:06]} 31. Bb2 {[%emt 0:00:51]} Rhc8 {[%emt 0:00:21]} 32. Bd4 {[%emt 0:00:29]} Rc4 {[%emt 0:00:32]} 33. a7 {[%emt 0:01:15]} Ra8 {[%emt 0:00:04]} 34. Bc5 {[%emt 0:00:02]} Rc2 {[%emt 0:00:04]} 35. Rd1 {[%emt 0:01:03]} Ke6 {[%emt 0:00:03]} 36. Kf3 {[%emt 0:00:03]} d4 {[%emt 0:00:06]} 37. Ke4 {[%emt 0:00:05]} Rb2 {[%emt 0:00:05]} 38. Kxd4 {[%emt 0:00:07]} Rb3 {[%emt 0:00:02]} 39. a4 {[%emt 0:00:03]} Ra3 {[%emt 0:00:06]} 40. a5 {[%emt 0:00:03]} g5 {[%emt 0:00:03]} 41. fxg5 {[%emt 0:00:11]} hxg5 {[%emt 0:00:02]} 42. g4 {[%emt 0:00:02]} Rd8+ {[%emt 0:00:04]} 43. Kc4 {[%emt 0:00:02]} Ra8 {[%emt 0:00:01]} 44. Re1+ {[%emt 0:00:03]} Kd7 {[%emt 0:00:05]} 45. Re7+ {[%emt 0:00:02]} 1-0

[Event "European Online Club-ch-F 2021"]
[Site "Online"]
[Date "2021.03.27"]
[Round "4.1"]
[White "Prieur, Eetu"]
[Black "Sochacki, Christophe"]
[Result "1-0"]
[WhiteElo "2172"]
[BlackElo "2477"]
[Annotator "ChessBase"]
[PlyCount "85"]
[EventDate "2021.03.27"]
[EventType "team-tourn"]
[EventCountry "NET"]
[SourceTitle "playchess.com"]
[Source "ChessBase"]
[SourceQuality "1"]
[TimeControl "900+5"]

1. e4 {[%emt 0:00:00]} Nc6 {[%emt 0:00:09]} 2. Nf3 {[%emt 0:00:59]} d5 {[%emt 0:00:14]} 3. exd5 {[%emt 0:00:18]} Qxd5 {[%emt 0:00:03]} 4. Nc3 {[%emt 0:00:04]} Qd6 {[%emt 0:00:01]} 5. Nb5 {[%emt 0:00:35]} Qd8 {[%emt 0:00:03]} 6. d4 {[%emt 0:00:07]} Nf6 {[%emt 0:00:08]} 7. Bf4 {[%emt 0:00:13]} Nd5 {[%emt 0:00:02]} 8. Bg3 {[%emt 0:00:03]} a6 {[%emt 0:00:55]} 9. Nc3 {[%emt 0:00:20]} Nxc3 {[%emt 0:00:55]} 10. bxc3 {[%emt 0:00:03]} e6 {[%emt 0:00:05]} 11. Bd3 {[%emt 0:00:19]} Bd6 {[%emt 0:00:04]} 12. Ne5 {[%emt 0:01:37]} Bxe5 {[%emt 0:02:11]} 13. dxe5 {[%emt 0:00:13]} Qd5 {[%emt 0:00:02]} 14. Qg4 {[%emt 0:01:00]} Kf8 {[%emt 0:02:53]} 15. Rd1 {[%emt 0:04:23]} Qc5 {[%emt 0:00:30]} 16. O-O {[%emt 0:00:25]} Bd7 {[%emt 0:00:22]} 17. Be4 {[%emt 0:00:11]} Be8 {[%emt 0:00:09]} 18. Qg5 {[%emt 0:01:34]} Rb8 {[%emt 0:01:10]} 19. Rd3 {[%emt 0:00:20]} h6 {[%emt 0:00:32]} 20. Qf4 {[%emt 0:00:15]} Qe7 {[%emt 0:01:53]} 21. Rfd1 {[%emt 0:00:13]} Rd8 {[%emt 0:00:04]} 22. h4 {[%emt 0:00:48]} Rxd3 {[%emt 0:00:37]} 23. Rxd3 {[%emt 0:00:03]} h5 {[%emt 0:00:10]} 24. Qd2 {[%emt 0:00:12]} f6 {[%emt 0:00:33]} 25. Bxc6 {[%emt 0:00:52]} bxc6 {[%emt 0:00:15]} 26. Rd8 {[%emt 0:00:44]} Kf7 {[%emt 0:00:04]} 27. Ra8 {[%emt 0:00:04]} f5 {[%emt 0:00:44]} 28. Bf4 {[%emt 0:00:13]} Qxh4 {[%emt 0:00:12]} 29. Bg5 {[%emt 0:00:02]} Qc4 {[%emt 0:00:38]} 30. Qd8 {[%emt 0:00:09]} Kg6 {[%emt 0:00:09]} 31. Qe7 {[%emt 0:00:36]} Qd5 {[%emt 0:00:38]} 32. f4 {[%emt 0:00:20]} h4 {[%emt 0:00:43]} 33. Rxe8 {[%emt 0:00:06]} Qd1+ {[%emt 0:00:14]} 34. Kh2 {[%emt 0:00:03]} Rxe8 {[%emt 0:00:07]} 35. Qxe8+ {[%emt 0:00:02]} Kh7 {[%emt 0:00:01]} 36. Qxe6 {[%emt 0:00:03]} Qxc2 {[%emt 0:00:04]} 37. Qf7 {[%emt 0:00:07]} h3 {[%emt 0:00:20]} 38. Qh5+ {[%emt 0:00:04]} Kg8 {[%emt 0:00:02]} 39. Qe8+ {[%emt 0:00:05]} Kh7 {[%emt 0:00:01]} 40. Kxh3 {[%emt 0:00:02]} Qxc3+ {[%emt 0:00:14]} 41. Kh2 {[%emt 0:00:02]} Qc4 {[%emt 0:00:08]} 42. e6 {[%emt 0:00:04]} Qxa2 {[%emt 0:00:05]} 43. Qh5+ {[%emt 0:00:05]} 1-0

[Event "European Online Club-ch-F 2021"]
[Site "Online"]
[Date "2021.03.27"]
[Round "4.2"]
[White "Sochacki, Wojtek"]
[Black "Lammi, Jyri"]
[Result "1-0"]
[WhiteElo "2320"]
[BlackElo "2083"]
[Annotator "NA"]
[PlyCount "81"]
[EventDate "2021.03.27"]
[EventType "team-tourn"]
[EventCountry "NET"]
[SourceTitle "playchess.com"]
[Source "ChessBase"]
[SourceQuality "1"]
[TimeControl "900+5"]

1. e4 {[%emt 0:00:00]} e5 {[%emt 0:00:55]} 2. Nf3 {[%emt 0:00:03]} d6 {[%emt 0:00:02]} 3. d4 {[%emt 0:00:01]} Nd7 {[%emt 0:00:03]} 4. Nc3 {[%emt 0:00:02]} c6 {[%emt 0:00:04]} 5. Bc4 {[%emt 0:00:02]} Be7 {[%emt 0:00:03]} 6. O-O {[%emt 0:00:02]} Ngf6 {[%emt 0:00:03]} 7. Re1 {[%emt 0:01:15]} O-O {[%emt 0:00:04]} 8. a4 {[%emt 0:00:05]} Qc7 {[%emt 0:00:44]} 9. h3 {[%emt 0:00:18]} h6 {[%emt 0:00:05]} 10. Bb3 {[%emt 0:00:33]} Re8 {[%emt 0:00:09]} 11. Be3 {[%emt 0:00:06]} Nf8 {[%emt 0:00:08]} 12. dxe5 {[%emt 0:01:25]} dxe5 {[%emt 0:00:05]} 13. Nh4 {[%emt 0:00:04]} Be6 {[%emt 0:01:06]} 14. Nf5 {[%emt 0:00:35]} Bxf5 {[%emt 0:01:20]} 15. exf5 {[%emt 0:00:04]} Rad8 {[%emt 0:01:16]} 16. Qe2 {[%emt 0:00:04]} Nd5 {[%emt 0:00:06]} 17. Qc4 {[%emt 0:00:23]} Qa5 {[%emt 0:00:35]} 18. Ne4 {[%emt 0:00:28]} Nh7 {[%emt 0:00:51]} 19. Bd2 {[%emt 0:00:20]} Qc7 {[%emt 0:00:16]} 20. Rad1 {[%emt 0:00:51]} Nhf6 {[%emt 0:00:12]} 21. Bc1 {[%emt 0:01:12]} Qa5 {[%emt 0:02:59]} 22. Bd2 {[%emt 0:00:22]} Qc7 {[%emt 0:00:07]} 23. g3 {[%emt 0:01:19]} Bf8 {[%emt 0:01:13]} 24. Bc1 {[%emt 0:00:24]} Be7 {[%emt 0:00:11]} 25. Kg2 {[%emt 0:00:19]} Qa5 {[%emt 0:00:10]} 26. Bd2 {[%emt 0:00:03]} Qc7 {[%emt 0:00:03]} 27. h4 {[%emt 0:01:03]} Bf8 {[%emt 0:00:26]} 28. Bc1 {[%emt 0:00:20]} Qa5 {[%emt 0:00:04]} 29. Nxf6+ {[%emt 0:00:04]} gxf6 {[%emt 0:00:14]} 30. Qg4+ {[%emt 0:00:05]} Kh7 {[%emt 0:00:08]} 31. Qh5 {[%emt 0:00:03]} Rd7 {[%emt 0:00:18]} 32. c4 {[%emt 0:00:18]} Qb4 {[%emt 0:01:28]} 33. Ba2 {[%emt 0:01:14]} Qxa4 {[%emt 0:00:33]} 34. cxd5 {[%emt 0:00:07]} Qxa2 {[%emt 0:00:04]} 35. dxc6 {[%emt 0:00:01]} Rxd1 {[%emt 0:00:08]} 36. Rxd1 {[%emt 0:00:00]} bxc6 {[%emt 0:00:31]} 37. Rd7 {[%emt 0:00:05]} Re7 {[%emt 0:00:17]} 38. Bxh6 {[%emt 0:01:49]} Rxd7 {[%emt 0:00:50]} 39. Bxf8+ {[%emt 0:00:03]} Kg8 {[%emt 0:00:02]} 40. Qh6 {[%emt 0:00:03]} Qd5+ {[%emt 0:00:12]} 41. Kh2 {[%emt 0:00:05]} 1-0

[Event "European Online Club-ch-F 2021"]
[Site "Online"]
[Date "2021.03.27"]
[Round "4.3"]
[White "Graeffe, Petri"]
[Black "Eden, James"]
[Result "0-1"]
[WhiteElo "2043"]
[BlackElo "2294"]
[Annotator "NA"]
[PlyCount "74"]
[EventDate "2021.03.27"]
[EventType "team-tourn"]
[EventCountry "NET"]
[SourceTitle "playchess.com"]
[Source "ChessBase"]
[SourceQuality "1"]
[TimeControl "900+5"]

1. Nf3 {[%emt 0:00:00]} d5 {[%emt 0:00:06]} 2. e3 {[%emt 0:00:03]} Nf6 {[%emt 0:00:03]} 3. c4 {[%emt 0:00:10]} c6 {[%emt 0:00:02]} 4. b3 {[%emt 0:00:09]} Bg4 {[%emt 0:00:06]} 5. h3 {[%emt 0:00:25]} Bh5 {[%emt 0:00:10]} 6. Bb2 {[%emt 0:00:07]} e6 {[%emt 0:00:04]} 7. d3 {[%emt 0:00:13]} Nbd7 {[%emt 0:00:06]} 8. Nbd2 {[%emt 0:00:19]} Bd6 {[%emt 0:00:07]} 9. Qc2 {[%emt 0:00:17]} O-O {[%emt 0:00:05]} 10. g4 {[%emt 0:00:17]} Bg6 {[%emt 0:00:04]} 11. Rg1 {[%emt 0:00:06]} e5 {[%emt 0:00:33]} 12. h4 {[%emt 0:02:09]} e4 {[%emt 0:00:39]} 13. Nd4 {[%emt 0:01:24]} Nc5 {[%emt 0:01:37]} 14. Nf5 {[%emt 0:01:00]} Bxf5 {[%emt 0:00:16]} 15. gxf5 {[%emt 0:00:04]} exd3 {[%emt 0:00:10]} 16. Bxd3 {[%emt 0:00:42]} Nxd3+ {[%emt 0:00:32]} 17. Qxd3 {[%emt 0:00:04]} dxc4 {[%emt 0:00:34]} 18. Qc3 {[%emt 0:01:57]} Kh8 {[%emt 0:00:53]} 19. O-O-O {[%emt 0:01:50]} Qe7 {[%emt 0:01:55]} 20. Nxc4 {[%emt 0:00:45]} Bb4 {[%emt 0:00:16]} 21. Qe5 {[%emt 0:01:28]} Rad8 {[%emt 0:00:43]} 22. Qg3 {[%emt 0:01:08]} Rxd1+ {[%emt 0:00:09]} 23. Kxd1 {[%emt 0:00:18]} Rg8 {[%emt 0:00:17]} 24. Kc1 {[%emt 0:00:38]} b5 {[%emt 0:00:23]} 25. Ne5 {[%emt 0:00:02]} Ne8 {[%emt 0:00:56]} 26. Kb1 {[%emt 0:00:11]} Bd6 {[%emt 0:00:16]} 27. f4 {[%emt 0:00:12]} f6 {[%emt 0:00:21]} 28. Nxc6 {[%emt 0:00:04]} Qe4+ {[%emt 0:00:02]} 29. Ka1 {[%emt 0:00:03]} Qxc6 {[%emt 0:00:03]} 30. h5 {[%emt 0:00:05]} h6 {[%emt 0:00:15]} 31. Rc1 {[%emt 0:00:07]} Qe4 {[%emt 0:00:07]} 32. Rc8 {[%emt 0:00:11]} Qxf5 {[%emt 0:00:04]} 33. Rd8 {[%emt 0:00:19]} Qxh5 {[%emt 0:00:10]} 34. Qe1 {[%emt 0:00:04]} Qf7 {[%emt 0:00:29]} 35. Qd2 {[%emt 0:00:04]} Qe7 {[%emt 0:00:04]} 36. Ra8 {[%emt 0:00:05]} Qe4 {[%emt 0:00:13]} 37. a3 {[%emt 0:00:06]} Qxa8 {[%emt 0:00:03]} 0-1

[Event "European Online Club-ch-F 2021"]
[Site "Online"]
[Date "2021.03.27"]
[Round "4.4"]
[White "Maatoug, Redwan"]
[Black "Puittinen, Mika"]
[Result "0-1"]
[WhiteElo "2202"]
[BlackElo "2007"]
[Annotator "NA"]
[PlyCount "86"]
[EventDate "2021.03.27"]
[EventType "team-tourn"]
[EventCountry "NET"]
[SourceTitle "playchess.com"]
[Source "ChessBase"]
[SourceQuality "1"]
[TimeControl "900+5"]

1. e4 {[%emt 0:00:00]} e6 {[%emt 0:00:06]} 2. f4 {[%emt 0:00:46]} c5 {[%emt 0:00:22]} 3. Nf3 {[%emt 0:00:04]} Nc6 {[%emt 0:00:08]} 4. a4 {[%emt 0:00:51]} d5 {[%emt 0:00:14]} 5. e5 {[%emt 0:00:11]} Nh6 {[%emt 0:00:55]} 6. Nc3 {[%emt 0:00:13]} Be7 {[%emt 0:00:28]} 7. g3 {[%emt 0:00:01]} O-O {[%emt 0:00:06]} 8. Bg2 {[%emt 0:00:01]} f6 {[%emt 0:00:09]} 9. exf6 {[%emt 0:00:34]} Bxf6 {[%emt 0:00:06]} 10. O-O {[%emt 0:00:02]} Bd7 {[%emt 0:01:14]} 11. d3 {[%emt 0:00:20]} Nf5 {[%emt 0:01:11]} 12. g4 {[%emt 0:00:35]} Nfd4 {[%emt 0:00:52]} 13. g5 {[%emt 0:00:19]} Nxf3+ {[%emt 0:00:17]} 14. Rxf3 {[%emt 0:00:27]} Bxc3 {[%emt 0:02:21]} 15. bxc3 {[%emt 0:00:04]} Ne7 {[%emt 0:01:12]} 16. Rh3 {[%emt 0:01:10]} e5 {[%emt 0:01:08]} 17. Rxh7 {[%emt 0:02:02]} Kxh7 {[%emt 0:00:06]} 18. Qh5+ {[%emt 0:00:05]} Kg8 {[%emt 0:00:05]} 19. g6 {[%emt 0:00:02]} Rf5 {[%emt 0:02:14]} 20. Qh7+ {[%emt 0:02:23]} Kf8 {[%emt 0:00:04]} 21. Qh8+ {[%emt 0:01:21]} Ng8 {[%emt 0:00:03]} 22. Bxd5 {[%emt 0:00:17]} Ke7 {[%emt 0:00:19]} 23. fxe5 {[%emt 0:02:06]} Qf8 {[%emt 0:01:29]} 24. Be3 {[%emt 0:01:04]} Rc8 {[%emt 0:00:20]} 25. Qh4+ {[%emt 0:00:51]} Ke8 {[%emt 0:00:31]} 26. Bf7+ {[%emt 0:00:33]} Rxf7 {[%emt 0:00:06]} 27. gxf7+ {[%emt 0:00:03]} Qxf7 {[%emt 0:00:06]} 28. Qg3 {[%emt 0:00:11]} Ne7 {[%emt 0:00:21]} 29. Rf1 {[%emt 0:00:10]} Qg6 {[%emt 0:00:03]} 30. Bg5 {[%emt 0:00:01]} Nf5 {[%emt 0:00:31]} 31. Qf4 {[%emt 0:00:05]} Be6 {[%emt 0:00:13]} 32. h4 {[%emt 0:00:02]} Kd7 {[%emt 0:00:08]} 33. Kh2 {[%emt 0:00:09]} Rh8 {[%emt 0:00:03]} 34. Qe4 {[%emt 0:00:06]} Qxg5 {[%emt 0:00:04]} 35. Qxb7+ {[%emt 0:00:02]} Ke8 {[%emt 0:00:05]} 36. Qb8+ {[%emt 0:00:16]} Qd8 {[%emt 0:00:04]} 37. Qxd8+ {[%emt 0:00:12]} Kxd8 {[%emt 0:00:02]} 38. Rb1 {[%emt 0:00:01]} Rxh4+ {[%emt 0:00:03]} 39. Kg1 {[%emt 0:00:01]} Kc7 {[%emt 0:00:02]} 40. Kf2 {[%emt 0:00:03]} Rh2+ {[%emt 0:00:02]} 41. Kf3 {[%emt 0:00:02]} Rxc2 {[%emt 0:00:03]} 42. c4 {[%emt 0:00:04]} Rd2 {[%emt 0:00:06]} 43. Rb3 {[%emt 0:00:09]} Nd4+ {[%emt 0:00:03]} 0-1